<?xml version="1.0" encoding="UTF-8"?>
<marc:record xmlns:marc="http://www.loc.gov/MARC21/slim">
   <marc:leader>00000nam a2200000 a 4500</marc:leader>
   <marc:datafield ind1="1" ind2=" " tag="100">
      <marc:subfield code="a">Reuter, Bjarne</marc:subfield>
      <marc:subfield code="4">aut</marc:subfield>
      <marc:subfield code="e">Verfasser/-in</marc:subfield>
   </marc:datafield>
   <marc:datafield ind1="1" ind2=" " tag="100">
      <marc:subfield code="a">Heeno, Mette</marc:subfield>
      <marc:subfield code="4">aut</marc:subfield>
      <marc:subfield code="e">Verfasser/-in</marc:subfield>
   </marc:datafield>
   <marc:datafield ind1="1" ind2=" " tag="100">
      <marc:subfield code="a">Kaas, Jeppe</marc:subfield>
      <marc:subfield code="4">aut</marc:subfield>
      <marc:subfield code="e">Verfasser/-in</marc:subfield>
   </marc:datafield>
   <marc:datafield ind1="1" ind2=" " tag="100">
      <marc:subfield code="a">Zangenberg, Julie</marc:subfield>
   </marc:datafield>
   <marc:datafield ind1="1" ind2=" " tag="100">
      <marc:subfield code="a">Leth, Aksel</marc:subfield>
   </marc:datafield>
   <marc:datafield ind1="1" ind2=" " tag="100">
      <marc:subfield code="a">Thestrup, Ole</marc:subfield>
   </marc:datafield>
   <marc:datafield ind1="1" ind2=" " tag="100">
      <marc:subfield code="a">Gantzler, Peter</marc:subfield>
   </marc:datafield>
   <marc:datafield ind1="1" ind2=" " tag="100">
      <marc:subfield code="a">Bleibtreu, Moritz</marc:subfield>
   </marc:datafield>
   <marc:datafield ind1="0" ind2="0" tag="245">
      <marc:subfield code="a">Ein Fakir für alle Fälle</marc:subfield>
   </marc:datafield>
   <marc:datafield ind1="0" ind2="0" tag="245">
      <marc:subfield code="c">Schauspieler: Moritz Bleibtreu, Peter Gantzler, Ole Thestrup, Aksel Leth, Julie Zangenberg, Sidse Babett Knudsen, Fares Fares; Vorlage: Bjarne Reuter; Drehbuch: Mette Heeno; Musik: Jeppe Kaas; Kamera: Eric Kress; Regie: Peter Flinth; Produktion: Tivi Magn</marc:subfield>
   </marc:datafield>
   <marc:datafield ind1=" " ind2="1" tag="264">
      <marc:subfield code="a">Potsdam</marc:subfield>
      <marc:subfield code="b">filmwerte GmbH</marc:subfield>
      <marc:subfield code="c">2022</marc:subfield>
   </marc:datafield>
   <marc:datafield ind1="1" ind2=" " tag="520">
      <marc:subfield code="a">Die verwitwete Louise zieht mit ihren Zwillingen Emma und Tom in eine alte, baufällige Villa. Emma ist sich sicher: Hier spukt&#x92;s! Tatsächlich finden die Teenager beim Herumstöbern im Keller einen Geist &#x96; nicht in der Flasche, sondern im Kugelschreiber. Seit 50 Jahren ist Lombardo alias &#x84;der Fakir&#x93; (Moritz Bleibtreu) dort schon eingesperrt. Er riecht etwas streng und ist auch sonst eine ziemliche Nervensäge. Dennoch erweist sich Lombardo nach und nach als charmanter Retter in der Not. Nicht nur für die Zwillinge, die einen in den alten Gemäuern verborgenen Schatz, auf den es zwei Verbrecher abgesehen haben, finden wollen, sondern auch für ihre alleinstehende Mutter. Ganz Latin Lover macht er nämlich Louise den Hof.</marc:subfield>
   </marc:datafield>
   <marc:datafield ind1=" " ind2=" " tag="041">
      <marc:subfield code="a">ger</marc:subfield>
   </marc:datafield>
   <marc:datafield ind1=" " ind2=" " tag="300">
      <marc:subfield code="a">1 Online-Ressource (82 min), Bild: 16:9 HD</marc:subfield>
   </marc:datafield>
</marc:record>
